| 000 | 005800000a22001570004500 | ||
|---|---|---|---|
| 090 | _aT M7332h | ||
| 100 | 1 | _aMolina, Carlos Eduardo | |
| 245 | 1 | 0 | _aHacia una educación sexual en la iglesia / Carlos Eduardo Molina |
| 260 | _aMedellín, Colombia | ||
| 300 | _a84 Pag | ||
| 500 | _aTesis (licenciatura)--Seminario Bíblico de Colombia | ||
| 502 | _aPresidente del jurado: Elizabeth de Sendek; Jurado: Armando Knietz; Jurado: Jeannine Brabo | ||
| 650 | 1 | 4 | _a- Teologia moral y sexo en la Biblia - Ambiente actual - Recomendaciones para la iglesia - |
| 001 | 3689 | ||
| 942 | _cBK | ||
| 999 |
_c34329 _d34329 |
||